000 02308nam a22002417a 4500
999 _c58867
_d58867
003 Ge_BSU
005 20221011163030.0
008 221011s2008 ge ||||| |||| 00| 0 geo d
041 _ageo
080 _a908(73) ს-12
245 _aIV საერთაშორისო კონფერენცია ამერიკისმცოდნეობაში = IV international conference on american studies :
_bოქტომბერი 2008 ქუთაისი : ენა, ლიტერატურა, კულტურა, ხელოვნება, თარგმანი, ქართულ-ამერიკული ურთიერთობები, პოლიტიკა, ისტორია, ეკონომიკა, განათლება და საზოგადოება : [კონფერენციის მასალები] /
_cსარედ. კოლ.: ვახტანგ ამაღლობელი [და სხვ.].
264 _aქუთაისი :
_bაკ. წერეთლის სახელმწ. უნ-ტის გამ-ბა,
_c2008.
300 _a401 გვ. ;
_b20 სმ.
500 _aზესათ.: აკ. წერეთლის სახელმწ. უნ-ტი, აწსუ ამერიკის შესწავლის ცენტრი, ჯონ დოს პასოსის საქ. ასოციაცია. შრომების ნაწილი ინგლ.
653 _aამერიკისმცოდნეობა - კონფერენციები
700 _aაბესაძე, ირინე
_eავტორი
_915256
700 _aბაგრატიონი, ირმა
_eავტორი
_94121
700 _aგელაშვილი, მანანა და სხვ.
_eავტორი
_915257
700 _aამაღლობელი, ვახტანგ
_eრედაქტორი
_915258
700 _aცხვედიანი, ირაკლი და სხვ.
_eრედაქტორი
_915259
710 _aაკ. წერეთლის სახელმწ. უნ-ტი
_bამერიკის შესწავლის ცენტრი.
_915260
942 _2udc
_cBK